000 01323nam a2200349Ia 4500
001 ebr10194350
003 CaPaEBR
006 m u
007 cr cn|||||||||
008 900621s1991 mnu sb s001 0 eng d
010 _z 90042317
020 _z9780816618743
020 _z0816618739
020 _z0816618747 (pbk.)
040 _aCaPaEBR
_cCaPaEBR
035 _a(OCoLC)230204814
050 1 4 _aML3800
_b.S9 1991eb
082 0 4 _a780/.1
_220
100 1 _aSubotnik, Rose Rosengard.
245 1 0 _aDeveloping variations
_h[electronic resource] :
_bstyle and ideology in Western music /
_cRose Rosengard Subotnik.
260 _aMinneapolis :
_bUniversity of Minnesota Press,
_cc1991.
300 _axxxiv, 372 p.
504 _aIncludes bibliographical references (p. 295-359) and index.
533 _aElectronic reproduction.
_bPalo Alto, Calif. :
_cebrary,
_d2009.
_nAvailable via World Wide Web.
_nAccess may be limited to ebrary affiliated libraries.
650 0 _aMusic
_xPhilosophy and aesthetics.
650 0 _aStyle, Musical.
650 0 _aMusical criticism.
650 0 _aMusicology.
655 7 _aElectronic books.
_2local
710 2 _aebrary, Inc.
856 4 0 _uhttp://site.ebrary.com/lib/rucke/Doc?id=10194350
_zAn electronic book accessible through the World Wide Web; click to view
999 _c114699
_d114699